000 00853nas a2200277 4500
001 BR2011006752
003 BR-BrBNA
005 20231205115724.0
007 ta
008 230509b bl.|||p| |||| 00| 00por d
040 _aBR-BrBNA
_bpor
_cBiblioteca Nacional de Agricultura
041 _a(En)
072 _aP34
100 1 _aRömbke, J.
100 1 _aSchmidt, P.
100 1 _aHöfer, H.
245 1 _aThe earthworm fauna of regenerating forests and anthropogenic habitats in the coastal region of Paraná
650 _aBIODIVERSIDADE
650 _aFLORESTA
650 _aMINHOCA
650 _aBIOLOGIA DO SOLO
650 _aIDENTIFICAÇÃO
773 0 _tPesquisa Agropecuária Brasileira (Brazil)
_xISSN 0100-204X
_g(Aug 2009), v. 44(8) p. 1040-1049
_wBR2011006752
909 _a202311
_bLúcia
_c55
_dLúcia Elande
942 _2AGRIS
_n0
_cANA
999 _c215386
_d215386